000 00406 a2200157 4500
999 _c534319
_d534319
001 92082
003 NUST
038 _aMSOHAIL
082 _a891.4393 NAS
100 _aNaseem Hijazi - نسیم حجازی
_928460
245 _aSau Saal Baad - سو سال بعد”
260 _aLahore
_bJahangir Books
_c2014
300 _a143p.
_bHb
500 _aGeneral Book
942 _aCAE NUST
_k891.4397 NAS
_2ddc
_cBK